000
00255nam a2200097Ia 4500
008
230907s9999||||xx |||||||||||||| ||und||
082
_a
621.381
_b
SPR
245
0
_a
Springer handbook of electronic and photonic materials /
300
_a
1536 p.
942
_c
BK
999
_c
599929
_d
599929